Dream smp quiz pt2 - Statistics

General Stats
  • This quiz has been taken 331 times
  • The average score is 13 of 15
Answer Stats
Question Answer % Correct
Who doesnt swear BadBoyHalo
100%
ConnorEats_____ Pants
100%
Who is Mexican Dream Quackity
100%
Who is a diamond Skeppy
100%
Who has a big potato farm Technoblade
100%
_Bomb H
93%
Who's old name in minecraft was Thunder1408 Jack Manifold
93%
Which country has no Dream Smp members in New Zealand
86%
Who is the oldest Dream Smp member Philza
86%
Who has been in house arrest in minecraft Philza
86%
Who is the yougest in the Dream Smp Tommy
86%
Who has wroten books about "How to sOx" Tommy
79%
Who is not british Fundy
64%
Who is not American Quackity
64%
who blew up L'manberg the first time WilburSoot
57%
No matching quizzes found
Score Distribution
Percent of People with Each Score
Percentile by Number Answered
Your Score History
You have not taken this quiz